01457 a2200253 4500003000500000005001700005010001600022020002200038020002200060040000900082082001200091245006700103260004400170300002800214490000700242505062100249650002000870650001900890700003800909942002100947999001900968952009700987952011901084NUST20230127183549.0 a 90063556 a0312062737 (v. 1) a0312062745 (v. 2) cNust00a909,MAK00aMakers of world history (Vol-II) /cJ. Kelley Sowards, editor. aNew York :bSt. Martin's Press,cc1992. a334 p.;bill. ;c23 cm. vII aAkbar: The Great Moghul (Page-1), Tokugawa Ieyasu Shogun: The old Badger (Page-23), Shah Abbas 1: The Great King of Kings (Page-43), Peter the Great an the Westernization of Russia (Page-67), Napoleon Child or Betrayer of the Revolution (Page-91), Shaka Zulu Black Napoleon (Page-115), Cecil Rhodes and the Dream of Empire (Page-137) V. I. Lenin Anotomy of a Revolutionary (Page-161), Adolf Hilter Nightmare of our Century (Page-185), Albert Einstein and the Atomic Age (Page-209), Mahatma Gandhi (Page-237), Mao Tse Tung The Peoples Emperor (Page-261), Joomo Kenyatta (Page-287), Margaret Thatcher (Page-311).  0aBiography.9461 0aWorld history.1 aSowards, J. Kelleyd1924-9107962 2ddccBKk909,MAK c186138d186138 00102ddc40708NFICaMCSbMCSd2016-12-12l0o909 MAKpMCS830r2016-12-08w2016-12-12yBK 00102ddc4070aMCSbMCScGENd2016-12-12o909,MAKpMCS831r2016-12-08w2016-12-12yBKzAlmirah No.58, Shelf No.3